جرائم الغش والتدليس / (Record no. 48706)
[ view plain ]
| 000 -LEADER | |
|---|---|
| fixed length control field | 01735nam a2200313 i 4500 |
| 003 - CONTROL NUMBER IDENTIFIER | |
| control field | EG-GICUC |
| 005 - DATE AND TIME OF LATEST TRANSACTION | |
| control field | 20260121101435.0 |
| 008 - FIXED-LENGTH DATA ELEMENTS--GENERAL INFORMATION | |
| fixed length control field | 251206s1989 ua ||||fr|||| 000 0 ara d |
| 040 ## - CATALOGING SOURCE | |
| Original cataloging agency | EG-GICUC |
| Language of cataloging | ara |
| Transcribing agency | EG-GICUC |
| Modifying agency | EG-GICUC |
| Description conventions | rda |
| 041 0# - LANGUAGE CODE | |
| Language code of text/sound track or separate title | ara |
| 082 04 - DEWEY DECIMAL CLASSIFICATION NUMBER | |
| Edition number | 21 |
| Classification number | 343.451 |
| Item number | ع ب . ج |
| 092 04 - LOCALLY ASSIGNED DEWEY CALL NUMBER (OCLC) | |
| Edition number | 21 |
| 099 ## - LOCAL FREE-TEXT CALL NUMBER (OCLC) | |
| Classification number | Law1 10 343.451 ع ب . ج 1989 |
| 100 0# - MAIN ENTRY--PERSONAL NAME | |
| Personal name | عبدالحميد الشوربي |
| Relator term | مؤلف. |
| 245 10 - TITLE STATEMENT | |
| Title | جرائم الغش والتدليس / |
| Statement of responsibility, etc. | عبدالحميد الشوربي. |
| 264 #1 - PRODUCTION, PUBLICATION, DISTRIBUTION, MANUFACTURE, AND COPYRIGHT NOTICE | |
| Place of production, publication, distribution, manufacture | الاسكندرية : |
| Name of producer, publisher, distributor, manufacturer | دار الفكر الجامعي، |
| Date of production, publication, distribution, manufacture, or copyright notice | 1989. |
| 300 ## - PHYSICAL DESCRIPTION | |
| Extent | 223 صفحة،صفحات غير مرقمة ؛ |
| Dimensions | 24 سم. |
| 336 ## - CONTENT TYPE | |
| Source | rda content |
| Content type term | text |
| 337 ## - MEDIA TYPE | |
| Source | rda media |
| Media type term | Computer |
| 338 ## - CARRIER TYPE | |
| Source | rda carrier |
| Carrier type term | Online Resource |
| 504 ## - BIBLIOGRAPHY, ETC. NOTE | |
| Bibliography, etc. note | يشتمل على إرجاعات ببليوجرافية.<br/><br/> |
| 505 ## - FORMATTED CONTENTS NOTE | |
| Formatted contents note | جرائم الغش التجارى( خداع المتعاقد في عدد البضاعة وذاتيتها ونوعها - عدم مطابقة السلعة للمواصفات - حيازة السلعة المغشوشة ) جرائم غش الاغذية - اثبات الغش - القيود والاوصاف والعقوبات تسبيب الاحكام - جرائم استيراد الاغذية المغشوشة والفاسدة العلامات والبيانات التجارية - غش المشغولات الذهبية وأدوات الوزن والقياس والكيل - التشريعات - أحكام النقض . |
| 546 ## - LANGUAGE NOTE | |
| Language note | النص باللغة العربية |
| 650 1# - SUBJECT ADDED ENTRY--TOPICAL TERM | |
| Topical term or geographic name entry element | قمع الغش والتدليس |
| Source of heading or term | qrmak |
| 651 1# - SUBJECT ADDED ENTRY--GEOGRAPHIC NAME | |
| Source of heading or term | qrmak |
| 856 40 - ELECTRONIC LOCATION AND ACCESS | |
| Uniform Resource Identifier | <a href="https://fll.law.cu.edu.eg/fulltext/bks/B10-05377.pdf">https://fll.law.cu.edu.eg/fulltext/bks/B10-05377.pdf</a> |
| 905 ## - Cataloger and Reviser Names | |
| Cataloger Name: | Omar |
| Revisor Name: | Yara |
| 942 ## - ADDED ENTRY ELEMENTS (KOHA) | |
| Source of classification or shelving scheme | Dewey Decimal Classification |
| Suppress in OPAC | No |
| Koha item type | Books |
| Edition | 21 |
| Withdrawn status | Lost status | Source of classification or shelving scheme | Damaged status | Not for loan | Collection | Home library | Current library | Date acquired | Total checkouts | Full call number | Barcode | Date last seen | Copy number | Price effective from | Koha item type |
|---|---|---|---|---|---|---|---|---|---|---|---|---|---|---|---|
| Dewey Decimal Classification | Not for loan | الشريعة الإسلامية | جــــامعة القــاهرة | مكتبة كلية الحقوق - المبنى الرئيسي | 06.12.2025 | Law1 10 343.451 ع ب . ج 1989 1005377 C1 | B10-05377 | 06.12.2025 | 1 | 06.12.2025 | Books |